Grafické metody analýzy ekonomických časových řad

Charakteristika grafov časových radov. Grafy 1 a viacerých časových radov: spojnicový graf, stĺpcový graf, plošný graf, graf "seasonal subseries" (časové rady usporiadané do jednotlivých sezón), bodový diagram, matice bodových diagramov. Grafy prieskumnej analýzy časových radov: krabičkový graf, čís...

Ausführliche Beschreibung

Gespeichert in:
Bibliographische Detailangaben
1. Verfasser: Arltová, Markéta
Weitere Verfasser: Arlt, Josef
Format: Buchkapitel
Sprache:Tschechisch
Schlagworte:
Tags: Tag hinzufügen
Keine Tags, Fügen Sie das erste Tag hinzu!

MARC

LEADER 00000naa a2200000 4500
001 r019241
005 20220727082150.8
041 0 |a cze 
044 |a CZ 
245 1 0 |a Grafické metody analýzy ekonomických časových řad  |c M. Artlová, J. Artl 
520 |a Charakteristika grafov časových radov. Grafy 1 a viacerých časových radov: spojnicový graf, stĺpcový graf, plošný graf, graf "seasonal subseries" (časové rady usporiadané do jednotlivých sezón), bodový diagram, matice bodových diagramov. Grafy prieskumnej analýzy časových radov: krabičkový graf, číslicový histogram. Grafy pre identifikáciu, testovanie a modelovanie zložiek časových radov: histogram, q-q graf, histobars a rootogram, korelogram, periodogram a kumulovaný periodogram. 
610 2 0 |a rady časové 
610 2 0 |a analýza štatistická 
610 2 0 |a grafy 
610 2 0 |a metódy matematicko-štatistické 
610 2 0 |a programovanie 
100 1 |a Arltová, Markéta 
700 1 |a Arlt, Josef